L'Inde en images - Statistiques

Statistiques générales
  • Ce quiz a été pris 485 fois
  • Le résultat moyen est 12 sur 18
Statistiques - réponses
Par images Hint Réponse % Correct
Indépendantiste Mahatma Gandhi
97%
Capitale New Delhi
95%
Mausolée Taj Mahal
93%
Chaîne de montagne Himalaya
88%
Personnage Mowgli
85%
Fleuve Gange
81%
Recueil Kâmasûtra
78%
Discipline Yoga
78%
Type de riz Basmati
74%
Sport Cricket
73%
Pain Naan
70%
Film Slumdog Millionaire
55%
Dieu Ganesh
47%
État Jammu-et-{Cachemire}
40%
Religion Sikhisme
38%
Homme d'État Narendra Modi
36%
Instrument Sitar
34%
Mouvement de contestation Marche {du} {sel}
27%
Aucun quiz correspondant
Distribution des résultats
% des personnes avec chaque résultat
Percentile par nombre de réponses
Votre historique - résultats
Vous n’avez pas pris ce quiz